| 000 | 00532nam a2200169 i 4500 | ||
|---|---|---|---|
| 001 | 22142 | ||
| 003 | ES-MaACL | ||
| 005 | 20230906152630.0 | ||
| 007 | t| | ||
| 008 | 021218s1920 fr ||||1| fre d | ||
| 245 | 0 | 0 |
_aAuvergne, Limousin, Quercy, Rouergue, Gorges du Tarin _b: carte touristique. |
| 260 |
_aParis : _b[s.n.], _c1920. |
||
| 300 |
_a1 h. pleg. : _bil ; _c52 x 65 cm. |
||
| 500 | _aPrecede al tit.: Chemins de fer d'Orléans et du Midi. | ||
| 650 | 4 |
_aFerrocarriles- _zFrancia. _9136103 |
|
| 852 |
_aES-MaACL _j1596-F-15 |
||
| 999 |
_c22142 _d22142 |
||